[Event "Fredericia WIM 2019"]
[Site "Fredericia"]
[Date "2019.05.31"]
[Round "4.9"]
[White "Kakulidis, Ellen"]
[Black "Guindy, Esmat"]
[Result "1/2-1/2"]
[WhiteElo "2014"]
[BlackElo "2156"]
[Annotator "TA"]
[PlyCount "105"]
[EventDate "2019.05.29"]
[EventType "tourn"]
[EventCountry "DEN"]
[SourceTitle "playchess.com"]
[Source "ChessBase"]
[SourceQuality "1"]

{[%evp 25,105,0,0,-14,286,309,282,295,310,46,46,47,49,37,38,34,52,52,48,47,47,47,54,53,76,75,81,76,83,76,107,107,104,97,112,78,261,261,261,261,260,177,177,177,177,177,695,1043,923,177,177,36,36,36,87,36,36,36,36,36,36,36,36,36,36,36,36,8,8,8,8,8,8,8,8,8,8,8,8,8,8,8]} 1. d4 d5 2. c4 e6 3. Nf3 Nf6 4. g3 Nbd7 5. Bg2 c6 6. Qc2 Bd6 7. O-O O-O 8. Nbd2 Re8 9. Rd1 Qe7 10. e4 Nxe4 11. Nxe4 dxe4 12. Qxe4 e5 13. dxe5 Nxe5 {White must now prevent ...Bg4.} 14. Nxe5 {E01: Catalan: Early deviations} (14. Bg5 {with more complications.} Nxf3+ 15. Qxf3 Qxg5 16. Rxd6 Qe5 17. Qe4) 14... Qxe5 $4 {[%mdl 8192] [#]} (14... Bxe5 $11 {and Black is okay.} 15. Re1 Bf6) (14... Bxe5 15. Be3 g6 16. Bd4 Bf5 17. Qxe5 Qxe5 18. Bxe5 Rxe5 19. Bf3 a5 20. Kg2 h5 21. h4 Kf8 {0-1 (42) Sanchez,L (2290)-Bilguun,S (2490) Paris 2018}) 15. Rxd6 $1 $18 {[%mdl 512]} Qxe4 (15... Qxd6 16. Qxe8+) 16. Bxe4 {White has a decisive advantage.} Bh3 17. Bxh7+ $146 (17. f3 $18) ({Predecessor:} 17. f3 f5 18. Bd3 Re1+ 19. Kf2 Rae8 20. Rb1 Rh1 21. Bf4 Rxh2+ 22. Kg1 Rg2+ 23. Kh1 h6 24. Bf1 {1-0 (24) Campos Calvo,S (2084)-Perez Alvarez,J (1800) Tres Cantos 2011}) 17... Kxh7 $14 {[%cal Re8e1]} 18. Be3 Re4 19. Rd4 (19. b3 {feels hotter.} Rae8 20. Rd3 f6 21. Rc3 R4e7 22. Rd1) 19... Rxd4 20. Bxd4 {[%mdl 4096] Endgame KRB-KRB} a6 21. f3 Rd8 22. Be3 Be6 23. Rc1 b5 24. cxb5 axb5 25. b3 Bd5 26. Kf2 Kg8 27. h4 f5 28. Bc5 Re8 29. Rc3 Kf7 30. Re3 (30. a4 {is interesting.} Ra8 31. axb5 cxb5 32. Ke3 b4 33. Bxb4 Rb8 34. Kd4) 30... g6 $2 (30... Be6 $16) 31. Rxe8 $18 Kxe8 {KB-KB} 32. Ke3 Kf7 33. Kf4 Kf6 34. Bd4+ Kf7 35. g4 Kg8 $2 (35... fxg4 36. fxg4 Ke6) 36. gxf5 gxf5 37. a4 {Strongly threatening a5.} Bxb3 38. axb5 ({Worse is} 38. Kxf5 bxa4 39. Bc5 Kf7 $11) (38. a5 $18) 38... cxb5 $14 39. Kxf5 Bf7 (39... b4 $14) 40. Kf6 (40. Bc5 $16) 40... b4 41. f4 b3 42. f5 Be8 43. Bb2 Bf7 44. Kg5 Be8 45. h5 Bf7 46. h6 Be8 {The position is equal.} 47. Kf6 Kh7 48. Bc1 b2 49. Bxb2 Kxh6 50. Ke7 Ba4 51. f6 {[#] Threatening mate with f7.} Bb3 52. f7 Bxf7 $1 53. Kxf7 {Accuracy: White = 63%, Black = 55%.} 1/2-1/2

[Event "Fredericia WIM 2019"]
[Site "Fredericia"]
[Date "2019.05.31"]
[Round "4.10"]
[White "Keetman, Maaike"]
[Black "Nilssen, Ellen Fredericia"]
[Result "0-1"]
[WhiteElo "2146"]
[BlackElo "2025"]
[Annotator "RC"]
[PlyCount "118"]
[EventDate "2019.05.29"]
[EventType "tourn"]
[EventCountry "DEN"]
[SourceTitle "playchess.com"]
[Source "ChessBase"]
[SourceQuality "1"]
[TimeControl "40/5400+30:1800+30"]

1. e4 {[%emt 0:00:00]} e6 {[%emt 0:00:00]} 2. d4 {[%emt 0:00:00]} d5 {[%emt 0:00:00]} 3. Nd2 {[%emt 0:00:00]} c5 {[%emt 0:00:00]} 4. Ngf3 {[%emt 0:00:00]} Nc6 {[%emt 0:02:12]} 5. exd5 {[%emt 0:00:05]} exd5 {[%emt 0:00:26]} 6. Bb5 {[%emt 0:00:23]} cxd4 {[%emt 0:00:17]} 7. O-O {[%emt 0:04:44]} Bd6 {[%emt 0:00:09]} 8. Re1+ {[%emt 0:01:49]} Nge7 {[%emt 0:01:00]} 9. Nxd4 {[%emt 0:03:59]} O-O {[%emt 0:02:57]} 10. N2f3 {[%emt 0:08:42]} Bg4 {[%emt 0:04:02]} 11. Be2 {[%emt 0:01:14]} Re8 {[%emt 0:08:07]} 12. Bg5 {[%emt 0:07:54]} h6 {[%emt 0:05:53]} 13. Bh4 {[%emt 0:04:02]} Qb6 {[%emt 0:00:42]} 14. Nxc6 {[%emt 0:11:32]} bxc6 {[%emt 0:03:15]} 15. Qd4 {[%emt 0:01:01]} Bxf3 {[%emt 0:12:30]} 16. Qxb6 {[%emt 0:00:08]} axb6 {[%emt 0:00:10]} 17. Bxf3 {[%emt 0:00:09]} Nf5 {[%emt 0:01:17]} 18. Rxe8+ {[%emt 0:00:49]} Rxe8 {[%emt 0:00:06]} 19. Bg3 {[%emt 0:00:04]} Bxg3 {[%emt 0:02:53]} 20. hxg3 {[%emt 0:00:30]} Nd4 {[%emt 0:00:30]} 21. Rc1 {[%emt 0:00:30]} Re2 {[%emt 0:00:30]} 22. Kf1 {[%emt 0:00:30]} Rxc2 {[%emt 0:00:30]} 23. Rxc2 {[%emt 0:00:30]} Nxc2 {[%emt 0:00:30]} 24. a3 {[%emt 0:00:30]} Nd4 {[%emt 0:00:30]} 25. Ke1 {[%emt 0:00:30]} Kf8 {[%emt 0:00:30]} 26. Bd1 {[%emt 0:00:30]} Ke7 {[%emt 0:00:30]} 27. Kd2 {[%emt 0:00:30]} Kd6 {[%emt 0:00:30]} 28. Kd3 {[%emt 0:00:30]} Ne6 {[%emt 0:00:30]} 29. Bg4 {[%emt 0:00:30]} c5 {[%emt 0:00:30]} 30. Bf3 {[%emt 0:00:30]} c4+ {[%emt 0:00:30]} 31. Kc3 {[%emt 0:00:30]} Kc5 {[%emt 0:00:30]} 32. Bg4 {[%emt 0:00:30]} Nd4 {[%emt 0:00:30]} 33. Bd1 {[%emt 0:00:30]} f6 {[%emt 0:00:30]} 34. Bh5 {[%emt 0:00:30]} Nf5 {[%emt 0:28:04]} 35. b4+ {[%emt 0:38:03]} cxb3 {[%emt 0:02:03]} 36. Kxb3 {[%emt 0:00:17]} Nd6 {[%emt 0:00:19]} 37. g4 {[%emt 0:00:30]} Ne4 {[%emt 0:08:35]} 38. f3 {[%emt 0:04:00]} Nd2+ {[%emt 0:00:18]} 39. Kc3 {[%emt 0:00:44]} Nc4 {[%emt 0:00:07]} 40. a4 {[%emt 0:01:04]} d4+ {[%emt 0:03:49]} 41. Kb3 {[%emt 0:32:02]} Ne3 {[%emt 0:30:26]} 42. g3 {[%emt 0:01:13]} Nf1 {[%emt 0:00:07]} 43. Kc2 {[%emt 0:00:25]} Nxg3 {[%emt 0:00:08]} 44. Be8 {[%emt 0:00:24]} Ne2 {[%emt 0:00:00]} 45. Kd3 {[%emt 0:00:00]} Nc1+ {[%emt 0:00:00]} 46. Kc2 {[%emt 0:00:00]} Na2 {[%emt 0:00:00]} 47. Kb3 {[%emt 0:00:00]} Nb4 {[%emt 0:00:00]} 48. Bg6 {[%emt 0:00:00]} Nc6 {[%emt 0:00:00]} 49. Bf5 {[%emt 0:00:00]} Ne5 {[%emt 0:00:00]} 50. Be4 {[%emt 0:00:00]} Nf7 {[%emt 0:00:00]} 51. Bb7 {[%emt 0:00:00]} Nd6 {[%emt 0:00:00]} 52. Ba6 {[%emt 0:00:00]} f5 {[%emt 0:00:00]} 53. Bd3 {[%emt 0:00:00]} fxg4 {[%emt 0:00:00]} 54. fxg4 {[%emt 0:00:00]} Nf7 {[%emt 0:00:00]} 55. Bf5 {[%emt 0:00:00]} Ne5 {[%emt 0:00:00]} 56. Be6 {[%emt 0:00:00]} g6 {[%emt 0:00:00]} 57. Bc8 {[%emt 0:00:00]} h5 {[%emt 0:00:00]} 58. gxh5 {[%emt 0:00:00]} gxh5 {[%emt 0:00:00]} 59. Bf5 {[%emt 0:00:00]} Ng4 {[%emt 0:00:00]} 0-1

[Event "Fredericia WIM 2019"]
[Site "Fredericia"]
[Date "2019.05.31"]
[Round "5.6"]
[White "Kanakova, Natalie"]
[Black "Sahl, Sheila Barth"]
[Result "1-0"]
[WhiteElo "2205"]
[BlackElo "2127"]
[Annotator "ChessBase"]
[PlyCount "95"]
[EventDate "2019.05.29"]
[EventType "tourn"]
[EventCountry "DEN"]
[SourceTitle "playchess.com"]
[Source "ChessBase"]
[SourceQuality "1"]
[TimeControl "40/5400+30:1800+30"]

1. c4 {[%emt 0:00:00]} c5 {[%emt 0:00:00]} 2. Nc3 {[%emt 0:00:11]} Nc6 {[%emt 0:00:27]} 3. g3 {[%emt 0:00:56]} Nf6 {[%emt 0:01:00]} 4. Bg2 {[%emt 0:00:28]} e5 {[%emt 0:01:27]} 5. Nf3 {[%emt 0:04:16]} Be7 {[%emt 0:02:54]} 6. O-O {[%emt 0:01:18]} O-O {[%emt 0:00:30]} 7. Ne1 {[%emt 0:02:50]} Rb8 {[%emt 0:04:25]} 8. Nc2 {[%emt 0:02:18]} Nd4 {[%emt 0:01:02]} 9. Ne3 {[%emt 0:08:06]} b5 {[%emt 0:01:43]} 10. d3 {[%emt 0:06:03]} h6 {[%emt 0:12:57]} 11. b3 {[%emt 0:03:01]} d6 {[%emt 0:04:29]} 12. Bb2 {[%emt 0:04:36]} Be6 {[%emt 0:02:50]} 13. Qd2 {[%emt 0:05:57]} Qd7 {[%emt 0:01:20]} 14. Ned5 {[%emt 0:05:09]} Nxd5 {[%emt 0:07:11]} 15. Nxd5 {[%emt 0:00:09]} Bd8 {[%emt 0:00:18]} 16. e3 {[%emt 0:04:57]} Nc6 {[%emt 0:01:13]} 17. f4 {[%emt 0:02:41]} Bh3 {[%emt 0:07:51]} 18. Rf2 {[%emt 0:10:41]} Bxg2 {[%emt 0:08:28]} 19. Rxg2 {[%emt 0:00:05]} Re8 {[%emt 0:00:47]} 20. Rf1 {[%emt 0:01:31]} Ba5 {[%emt 0:08:21]} 21. Qe2 {[%emt 0:03:39]} Nb4 {[%emt 0:02:13]} 22. Nc3 {[%emt 0:01:36]} a6 {[%emt 0:12:01]} 23. Ba1 {[%emt 0:03:06]} f5 {[%emt 0:03:10]} 24. g4 {[%emt 0:07:27]} Rf8 {[%emt 0:00:52]} 25. g5 {[%emt 0:03:29]} Qe6 {[%emt 0:01:13]} 26. a3 {[%emt 0:00:44]} Nc6 {[%emt 0:00:35]} 27. Nd5 {[%emt 0:00:29]} hxg5 {[%emt 0:02:32]} 28. Rxg5 {[%emt 0:00:21]} Bd8 {[%emt 0:01:15]} 29. Rg3 {[%emt 0:03:29]} bxc4 {[%emt 0:00:18]} 30. bxc4 {[%emt 0:00:09]} Ne7 {[%emt 0:06:37]} 31. Qg2 {[%emt 0:00:41]} Rf7 {[%emt 0:00:22]} 32. Kh1 {[%emt 0:02:25]} Nxd5 {[%emt 0:03:08]} 33. cxd5 {[%emt 0:00:03]} Qe8 {[%emt 0:00:06]} 34. Rg1 {[%emt 0:04:19]} Bf6 {[%emt 0:00:07]} 35. Rg6 {[%emt 0:00:16]} Kf8 {[%emt 0:02:47]} 36. Qh3 {[%emt 0:01:11]} Rb3 {[%emt 0:00:06]} 37. Qxf5 {[%emt 0:01:23]} Rxa3 {[%emt 0:00:02]} 38. Qh5 {[%emt 0:04:24]} Rb3 {[%emt 0:01:14]} 39. Qh7 {[%emt 0:00:25]} Qb5 {[%emt 0:00:25]} 40. fxe5 {[%emt 0:01:40]} dxe5 {[%emt 0:00:59]} 41. Bxe5 {[%emt 0:08:55]} Qd7 {[%emt 0:00:20]} 42. d6 {[%emt 0:01:26]} Qb7+ {[%emt 0:01:47]} 43. e4 {[%emt 0:00:06]} Ke8 {[%emt 0:00:51]} 44. Qg8+ {[%emt 0:00:51]} Rf8 {[%emt 0:00:07]} 45. Qe6+ {[%emt 0:00:08]} Kd8 {[%emt 0:00:08]} 46. Bxf6+ {[%emt 0:00:15]} gxf6 {[%emt 0:01:32]} 47. Rg8 {[%emt 0:00:27]} Qc8 {[%emt 0:01:00]} 48. Rxf8# 1-0

[Event "Fredericia WIM 2019"]
[Site "Fredericia"]
[Date "2019.05.31"]
[Round "5.7"]
[White "Nilssen, Ellen Fredericia"]
[Black "Sucikova, Svetlana"]
[Result "1/2-1/2"]
[WhiteElo "2129"]
[BlackElo "2110"]
[Annotator "ChessBase"]
[PlyCount "66"]
[EventDate "2019.05.29"]
[EventType "tourn"]
[EventCountry "DEN"]
[SourceTitle "playchess.com"]
[Source "ChessBase"]
[SourceQuality "1"]
[TimeControl "40/5400+30:1800+30"]

1. d4 {[%emt 0:00:00]} g6 {[%emt 0:00:00]} 2. c4 {[%emt 0:00:34]} Bg7 {[%emt 0:00:09]} 3. e4 {[%emt 0:02:35]} d6 {[%emt 0:01:37]} 4. Be2 {[%emt 0:01:07]} Nd7 {[%emt 0:02:21]} 5. Nc3 {[%emt 0:04:22]} e6 {[%emt 0:03:51]} 6. Nf3 {[%emt 0:02:56]} a6 {[%emt 0:03:20]} 7. Be3 {[%emt 0:02:09]} Ne7 {[%emt 0:03:56]} 8. Qd2 {[%emt 0:00:29]} h6 {[%emt 0:00:09]} 9. O-O {[%emt 0:06:31]} g5 {[%emt 0:03:45]} 10. Ne1 {[%emt 0:03:45]} Ng6 {[%emt 0:03:12]} 11. Bh5 {[%emt 0:05:38]} Nf6 {[%emt 0:04:39]} 12. Bxg6 {[%emt 0:02:36]} fxg6 {[%emt 0:00:08]} 13. h3 {[%emt 0:13:37]} O-O {[%emt 0:04:56]} 14. Nd3 {[%emt 0:04:34]} Kh7 {[%emt 0:01:58]} 15. f3 {[%emt 0:06:11]} Bd7 {[%emt 0:05:15]} 16. c5 {[%emt 0:02:46]} Qe7 {[%emt 0:04:08]} 17. b4 {[%emt 0:03:11]} Bc6 {[%emt 0:10:45]} 18. a4 {[%emt 0:03:47]} Rfd8 {[%emt 0:02:35]} 19. cxd6 {[%emt 0:01:52]} cxd6 {[%emt 0:00:26]} 20. b5 {[%emt 0:00:16]} Bd7 {[%emt 0:02:19]} 21. bxa6 {[%emt 0:04:51]} bxa6 {[%emt 0:01:45]} 22. a5 {[%emt 0:00:02]} Rdb8 {[%emt 0:00:25]} 23. Rab1 {[%emt 0:03:45]} Qd8 {[%emt 0:02:01]} 24. Qa2 {[%emt 0:00:30]} Ng8 {[%emt 0:00:42]} 25. Qa3 {[%emt 0:09:26]} Be8 {[%emt 0:04:56]} 26. d5 {[%emt 0:01:36]} Qf6 {[%emt 0:05:44]} 27. Ne2 {[%emt 0:04:29]} exd5 {[%emt 0:03:47]} 28. exd5 {[%emt 0:02:26]} Qe7 {[%emt 0:00:30]} 29. Nf2 {[%emt 0:00:46]} Bb5 {[%emt 0:00:35]} 30. Rfe1 {[%emt 0:01:01]} Bxe2 {[%emt 0:00:53]} 31. Rxb8 {[%emt 0:00:02]} Rxb8 {[%emt 0:00:10]} 32. Rxe2 {[%emt 0:00:11]} Rb1+ {[%emt 0:00:06]} 33. Kh2 {[%emt 0:00:04]} Qe5+ {[%emt 0:03:47]} 1/2-1/2

[Event "Fredericia WIM 2019"]
[Site "Fredericia"]
[Date "2019.05.31"]
[Round "5.8"]
[White "Kubicka, Anna"]
[Black "Kakulidis, Ellen"]
[Result "1/2-1/2"]
[WhiteElo "2142"]
[BlackElo "2014"]
[Annotator "ChessBase"]
[PlyCount "43"]
[EventDate "2019.05.29"]
[EventType "tourn"]
[EventCountry "DEN"]
[SourceTitle "playchess.com"]
[Source "ChessBase"]
[SourceQuality "1"]
[TimeControl "40/5400+30:1800+30"]

1. d4 {[%emt 0:00:00]} d5 {[%emt 0:00:00]} 2. c4 {[%emt 0:00:00]} e6 {[%emt 0:00:00]} 3. Nc3 {[%emt 0:00:00]} Be7 {[%emt 0:00:00]} 4. Qc2 {[%emt 0:00:16]} c6 {[%emt 0:00:36]} 5. cxd5 {[%emt 0:04:13]} exd5 {[%emt 0:00:10]} 6. Nf3 {[%emt 0:01:40]} Nf6 {[%emt 0:02:42]} 7. Bg5 {[%emt 0:00:37]} g6 {[%emt 0:04:38]} 8. e3 {[%emt 0:06:33]} Bf5 {[%emt 0:01:12]} 9. Bd3 {[%emt 0:00:08]} Bxd3 {[%emt 0:00:08]} 10. Qxd3 {[%emt 0:00:02]} O-O {[%emt 0:00:34]} 11. h4 {[%emt 0:04:50]} Nbd7 {[%emt 0:09:12]} 12. O-O-O {[%emt 0:08:47]} b5 {[%emt 0:03:34]} 13. h5 {[%emt 0:15:22]} Ne4 {[%emt 0:06:15]} 14. Bxe7 {[%emt 0:04:43]} Qxe7 {[%emt 0:00:10]} 15. Qc2 {[%emt 0:00:32]} Rac8 {[%emt 0:02:19]} 16. Kb1 {[%emt 0:00:52]} Nd6 {[%emt 0:07:31]} 17. hxg6 {[%emt 0:03:07]} fxg6 {[%emt 0:00:52]} 18. Ne2 {[%emt 0:03:13]} Ne4 {[%emt 0:07:10]} 19. Nc3 {[%emt 0:06:28]} Nd6 {[%emt 0:00:23]} 20. Ne2 {[%emt 0:01:07]} Ne4 {[%emt 0:00:02]} 21. Nc3 {[%emt 0:00:10]} Nd6 {[%emt 0:00:40]} 22. Ne2 {[%emt 0:00:58]} 1/2-1/2

[Event "Fredericia WIM 2019"]
[Site "Fredericia"]
[Date "2019.05.31"]
[Round "5.9"]
[White "Guindy, Esmat Susanne"]
[Black "Mayrhuber, Nikola"]
[Result "1/2-1/2"]
[WhiteElo "2156"]
[BlackElo "1985"]
[Annotator "ChessBase"]
[PlyCount "106"]
[EventDate "2019.05.29"]
[EventType "tourn"]
[EventCountry "DEN"]
[SourceTitle "playchess.com"]
[Source "ChessBase"]
[SourceQuality "1"]
[TimeControl "40/5400+30:1800+30"]

1. c4 {[%emt 0:04:25]} e6 {[%emt 0:00:00]} 2. g3 {[%emt 0:01:16]} d5 {[%emt 0:00:00]} 3. Bg2 {[%emt 0:04:01]} Nf6 {[%emt 0:01:00]} 4. Nf3 {[%emt 0:02:04]} Be7 {[%emt 0:00:37]} 5. O-O {[%emt 0:01:32]} O-O {[%emt 0:00:06]} 6. e3 {[%emt 0:05:45]} b6 {[%emt 0:00:32]} 7. cxd5 {[%emt 0:01:18]} Nxd5 {[%emt 0:00:31]} 8. Nc3 {[%emt 0:04:08]} Bb7 {[%emt 0:06:35]} 9. d4 {[%emt 0:02:06]} Nxc3 {[%emt 0:11:01]} 10. bxc3 {[%emt 0:00:07]} c5 {[%emt 0:00:13]} 11. Re1 {[%emt 0:05:13]} Be4 {[%emt 0:02:51]} 12. a4 {[%emt 0:02:17]} Nc6 {[%emt 0:01:29]} 13. Ba3 {[%emt 0:07:05]} Na5 {[%emt 0:08:44]} 14. Nd2 {[%emt 0:01:47]} Bxg2 {[%emt 0:01:10]} 15. Kxg2 {[%emt 0:00:05]} Rc8 {[%emt 0:01:41]} 16. e4 {[%emt 0:10:59]} cxd4 {[%emt 0:04:54]} 17. Bxe7 {[%emt 0:00:51]} Qxe7 {[%emt 0:00:05]} 18. cxd4 {[%emt 0:00:08]} Qd7 {[%emt 0:00:13]} 19. Nf3 {[%emt 0:00:45]} Rfd8 {[%emt 0:00:24]} 20. Ra2 {[%emt 0:06:25]} h6 {[%emt 0:09:13]} 21. Ree2 {[%emt 0:04:04]} Rc3 {[%emt 0:05:52]} 22. Ne5 {[%emt 0:09:55]} Qc7 {[%emt 0:04:14]} 23. Nf3 {[%emt 0:09:56]} Qc4 {[%emt 0:11:46]} 24. Ne5 {[%emt 0:09:56]} Qb4 {[%emt 0:06:15]} 25. Nf3 {[%emt 0:00:30]} Rd6 {[%emt 0:06:27]} 26. Rab2 {[%emt 0:03:52]} Qa3 {[%emt 0:03:20]} 27. Ra2 {[%emt 0:00:25]} Qb4 {[%emt 0:00:03]} 28. Rab2 {[%emt 0:00:12]} Qc4 {[%emt 0:04:22]} 29. Ne5 {[%emt 0:00:20]} Qc7 {[%emt 0:00:51]} 30. Rec2 {[%emt 0:00:45]} Rxd4 {[%emt 0:03:04]} 31. Qxd4 {[%emt 0:02:00]} Rxc2 {[%emt 0:00:05]} 32. Rxc2 {[%emt 0:00:28]} Qxc2 {[%emt 0:00:04]} 33. Qd8+ {[%emt 0:01:08]} Kh7 {[%emt 0:00:04]} 34. Qd4 {[%emt 0:00:10]} Nc6 {[%emt 0:01:44]} 35. Nxc6 {[%emt 0:00:09]} Qxc6 {[%emt 0:00:03]} 36. f3 {[%emt 0:00:07]} a6 {[%emt 0:03:11]} 37. e5 {[%emt 0:00:33]} Qc2+ {[%emt 0:00:39]} 38. Kf1 {[%emt 0:01:18]} b5 {[%emt 0:00:35]} 39. axb5 {[%emt 0:00:08]} axb5 {[%emt 0:00:04]} 40. h4 {[%emt 0:01:08]} Qb1+ {[%emt 0:04:02]} 41. Ke2 {[%emt 0:30:26]} b4 {[%emt 0:31:09]} 42. h5 {[%emt 0:00:00]} Qa2+ {[%emt 0:00:00]} 43. Ke3 {[%emt 0:00:00]} Qa5 {[%emt 0:00:00]} 44. f4 {[%emt 0:00:00]} Kg8 {[%emt 0:00:00]} 45. Qd6 {[%emt 0:00:00]} Qa7+ {[%emt 0:00:00]} 46. Ke2 {[%emt 0:00:00]} Qa2+ {[%emt 0:00:00]} 47. Ke3 {[%emt 0:00:00]} Qb3+ {[%emt 0:00:00]} 48. Kf2 {[%emt 0:00:00]} Qc2+ {[%emt 0:00:00]} 49. Ke3 {[%emt 0:00:00]} Qc1+ {[%emt 0:00:00]} 50. Ke2 {[%emt 0:00:00]} Qb2+ {[%emt 0:00:00]} 51. Qd2 {[%emt 0:00:43]} Qa3 {[%emt 0:05:12]} 52. Qd8+ {[%emt 0:00:10]} Kh7 {[%emt 0:00:06]} 53. Qd3+ {[%emt 0:00:07]} Kg8 {[%emt 0:00:32]} 1/2-1/2

[Event "Fredericia WIM 2019"]
[Site "Fredericia"]
[Date "2019.05.31"]
[Round "5.10"]
[White "Stolberg-Rohr, Thomine"]
[Black "Keetman, Maaike"]
[Result "0-1"]
[WhiteElo "2025"]
[BlackElo "2146"]
[Annotator "ChessBase"]
[PlyCount "74"]
[EventDate "2019.05.29"]
[EventType "tourn"]
[EventCountry "DEN"]
[SourceTitle "playchess.com"]
[Source "ChessBase"]
[SourceQuality "1"]
[TimeControl "40/5400+30:1800+30"]

1. e4 {[%emt 0:00:00]} e6 {[%emt 0:00:00]} 2. d4 {[%emt 0:00:00]} d5 {[%emt 0:00:00]} 3. Nc3 {[%emt 0:00:17]} Bb4 {[%emt 0:00:00]} 4. exd5 {[%emt 0:00:19]} exd5 {[%emt 0:00:08]} 5. Bd3 {[%emt 0:00:08]} Nf6 {[%emt 0:01:28]} 6. Nge2 {[%emt 0:01:19]} O-O {[%emt 0:00:52]} 7. O-O {[%emt 0:03:53]} Re8 {[%emt 0:02:43]} 8. Bg5 {[%emt 0:00:56]} Be7 {[%emt 0:01:55]} 9. Ng3 {[%emt 0:01:24]} h6 {[%emt 0:07:16]} 10. Bf4 {[%emt 0:02:07]} c6 {[%emt 0:09:49]} 11. Qd2 {[%emt 0:06:28]} Be6 {[%emt 0:05:53]} 12. Nd1 {[%emt 0:10:24]} Bf8 {[%emt 0:09:47]} 13. Ne3 {[%emt 0:02:13]} g6 {[%emt 0:03:53]} 14. Be5 c5 {[%emt 0:00:30]} 15. dxc5 Bxc5 {[%emt 0:00:30]} 16. Bb5 Nc6 {[%emt 0:00:30]} 17. Bxf6 Qxf6 {[%emt 0:00:30]} 18. Nxd5 Bxd5 {[%emt 0:00:30]} 19. Qxd5 Re5 {[%emt 0:00:30]} 20. Qc4 Nd4 {[%emt 0:00:30]} 21. Ne4 Qf4 {[%emt 0:00:30]} 22. Ng3 a6 {[%emt 0:00:30]} 23. Qa4 Rd8 {[%emt 0:00:30]} 24. Qa5 b6 {[%emt 0:00:30]} 25. Qxa6 Nxb5 {[%emt 0:00:30]} 26. Qxb5 Bxf2+ {[%emt 0:00:30]} 27. Rxf2 Qxf2+ {[%emt 0:00:30]} 28. Kxf2 Rxb5 {[%emt 0:00:30]} 29. a3 Rd2+ {[%emt 0:00:30]} 30. Kf3 Rxc2 {[%emt 0:00:30]} 31. Ne4 Rf5+ {[%emt 0:00:30]} 32. Ke3 Rxb2 {[%emt 0:00:30]} 33. Nd6 Rff2 {[%emt 0:00:30]} 34. a4 Rxg2 {[%emt 0:00:30]} 35. Rf1 Rb3+ {[%emt 0:00:30]} 36. Ke4 Re2+ {[%emt 0:00:30]} 37. Kd5 Rd3+ {[%emt 0:00:30]} 0-1

[Event "Fredericia WIM 2019"]
[Site "Fredericia"]
[Date "2019.06.01"]
[Round "6.6"]
[White "Kanakova, Natalie"]
[Black "Guindy, Esmat Susanne"]
[Result "1/2-1/2"]
[WhiteElo "2205"]
[BlackElo "2156"]
[Annotator "ChessBase"]
[PlyCount "72"]
[EventDate "2019.05.29"]
[EventType "tourn"]
[EventCountry "DEN"]
[SourceTitle "playchess.com"]
[Source "ChessBase"]
[SourceQuality "1"]
[TimeControl "40/5400+30:1800+30"]

1. d4 {[%emt 0:00:00]} d5 {[%emt 0:00:55]} 2. Bf4 {[%emt 0:00:00]} Nf6 {[%emt 0:03:56]} 3. e3 {[%emt 0:00:46]} c6 {[%emt 0:06:29]} 4. c4 {[%emt 0:05:55]} e6 {[%emt 0:06:11]} 5. Nc3 {[%emt 0:03:13]} Bd6 {[%emt 0:00:58]} 6. Bg3 {[%emt 0:03:31]} Bxg3 {[%emt 0:03:21]} 7. hxg3 {[%emt 0:00:07]} Nbd7 {[%emt 0:00:30]} 8. Nf3 {[%emt 0:01:43]} Qe7 {[%emt 0:02:19]} 9. Qc2 {[%emt 0:18:43]} b6 {[%emt 0:03:58]} 10. g4 {[%emt 0:11:41]} Nxg4 {[%emt 0:11:51]} 11. Rxh7 {[%emt 0:00:09]} Rxh7 {[%emt 0:00:34]} 12. Qxh7 {[%emt 0:00:08]} Qf8 {[%emt 0:00:05]} 13. Qc2 {[%emt 0:05:38]} Bb7 {[%emt 0:02:42]} 14. O-O-O {[%emt 0:03:16]} Ngf6 {[%emt 0:02:17]} 15. Kb1 {[%emt 0:02:46]} O-O-O {[%emt 0:03:53]} 16. cxd5 {[%emt 0:06:20]} exd5 {[%emt 0:01:05]} 17. Qa4 {[%emt 0:01:36]} Kb8 {[%emt 0:00:55]} 18. Rc1 {[%emt 0:01:39]} Rc8 {[%emt 0:02:17]} 19. Bd3 {[%emt 0:04:01]} Qe7 {[%emt 0:03:53]} 20. Qc2 {[%emt 0:06:31]} g6 {[%emt 0:01:54]} 21. a3 {[%emt 0:00:30]} c5 {[%emt 0:04:07]} 22. dxc5 {[%emt 0:02:39]} Nxc5 {[%emt 0:01:04]} 23. Nd4 {[%emt 0:05:09]} Nce4 {[%emt 0:09:26]} 24. Ka2 {[%emt 0:02:00]} Nxc3+ {[%emt 0:01:07]} 25. bxc3 {[%emt 0:00:03]} Ne8 {[%emt 0:05:26]} 26. Qa4 {[%emt 0:03:38]} Nd6 {[%emt 0:01:28]} 27. Nb5 {[%emt 0:00:36]} Nxb5 {[%emt 0:00:49]} 28. Qxb5 {[%emt 0:00:21]} Qf6 {[%emt 0:02:31]} 29. Qb2 {[%emt 0:00:23]} Rc5 {[%emt 0:01:57]} 30. Rc2 {[%emt 0:00:26]} Bc6 {[%emt 0:01:23]} 31. Qb4 {[%emt 0:00:47]} Kb7 {[%emt 0:01:40]} 32. Qd4 {[%emt 0:02:02]} Qe7 {[%emt 0:01:28]} 33. Rb2 {[%emt 0:00:48]} Bd7 {[%emt 0:03:17]} 34. g3 {[%emt 0:03:30]} Be6 {[%emt 0:02:16]} 35. Rb5 {[%emt 0:02:46]} Qc7 {[%emt 0:02:53]} 36. Kb2 {[%emt 0:01:44]} a6 {[%emt 0:02:21]} 1/2-1/2